| Tag |
First Indicator |
Second Indicator |
Subfields |
| LEADER |
00000cam a2200000 4500 |
| 001 |
in00000707213 |
| 005 |
20151016051507.0 |
| 008 |
731220s1946 nyua b 00010 eng |
| 010 |
|
|
|a 46007984
|
| 035 |
|
|
|a (OCoLC)00765169
|
| 035 |
|
|
|9 ADB1805AM
|
| 040 |
|
|
|a DLC
|c YNG
|d OCL
|d TXA
|d UtOrBLW
|
| 049 |
|
|
|a TXAM
|c [138630]
|
| 050 |
0 |
0 |
|a TH7223
|b .A35 1946
|
| 082 |
0 |
|
|a 697
|
| 100 |
1 |
|
|a Allen, John Robins,
|d 1869-1920.
|
| 245 |
1 |
0 |
|a Heating and air conditioning /
|c [by] John R. Allen ... James Herbert Walker ... [and] John William James ...
|
| 250 |
|
|
|a 6th ed.
|
| 264 |
|
1 |
|a New York,
|a London :
|b McGraw-Hill Book Company, inc.,
|c 1946.
|
| 300 |
|
|
|a vii, 667 pages :
|b illustrations, diagrams (part double) ;
|c 24 cm.
|
| 336 |
|
|
|a text
|b txt
|2 rdacontent
|
| 337 |
|
|
|a unmediated
|b n
|2 rdamedia
|
| 338 |
|
|
|a volume
|b nc
|2 rdacarrier
|
| 504 |
|
|
|a Bibliography at end of most of the chapters.
|
| 650 |
|
0 |
|a Heating.
|
| 650 |
|
0 |
|a Air conditioning.
|
| 700 |
1 |
|
|a Walker, J. H.
|q (James Herbert),
|d 1890-
|
| 700 |
1 |
|
|a James, John William.
|
| 999 |
|
|
|a MARS
|
| 999 |
f |
f |
|s 7fc274ca-aac6-3339-96b5-31e07a82d35d
|i 648837eb-ba98-387e-8ef2-7938238d26ae
|t 0
|
| 952 |
f |
f |
|p ric
|a Texas A&M University
|b Rellis Campus
|c Joint Library Facility
|d Remote Storage
|t 0
|e TH7223 .A35 1946
|h Library of Congress classification
|i unmediated -- volume
|m A14805413718
|
| 998 |
f |
f |
|a TH7223 .A35 1946
|t 0
|l Remote Storage
|